The value of victory in Pindar's odes (Record no. 7972)
[ view plain ]
| 000 -LEADER | |
|---|---|
| fixed length control field | 02319nam a2200361 a 4500 |
| 001 - CONTROL NUMBER | |
| control field | ebr10270864 |
| 003 - CONTROL NUMBER IDENTIFIER | |
| control field | CaPaEBR |
| 006 - FIXED-LENGTH DATA ELEMENTS--ADDITIONAL MATERIAL CHARACTERISTICS--GENERAL INFORMATION | |
| fixed length control field | m u |
| 007 - PHYSICAL DESCRIPTION FIXED FIELD--GENERAL INFORMATION | |
| fixed length control field | cr cn||||||||| |
| 008 - FIXED-LENGTH DATA ELEMENTS--GENERAL INFORMATION | |
| fixed length control field | 071106s2007 ne sb 001 0 eng |
| 010 ## - LIBRARY OF CONGRESS CONTROL NUMBER | |
| Canceled/invalid LC control number | 2007046054 |
| 020 ## - INTERNATIONAL STANDARD BOOK NUMBER | |
| Cancelled/invalid ISBN | 9789004158481 (hardback : alk. paper) |
| Cancelled/invalid ISBN | 9004158480 (hardback : alk. paper) |
| 040 ## - CATALOGING SOURCE | |
| Original cataloging agency | CaPaEBR |
| Transcribing agency | CaPaEBR |
| 035 ## - SYSTEM CONTROL NUMBER | |
| System control number | (OCoLC)646789608 |
| 050 14 - LIBRARY OF CONGRESS CALL NUMBER | |
| Classification number | PA4276 |
| Item number | .B75 2007eb |
| 082 04 - DEWEY DECIMAL CLASSIFICATION NUMBER | |
| Classification number | 884/.01 |
| Edition number | 22 |
| 100 1# - MAIN ENTRY--PERSONAL NAME | |
| Personal name | Boeke, Hanna. |
| 245 14 - TITLE STATEMENT | |
| Title | The value of victory in Pindar's odes |
| Medium | [electronic resource] : |
| Remainder of title | gnomai, cosmology and the role of the poet / |
| Statement of responsibility, etc | by Hanna Boeke. |
| 260 ## - PUBLICATION, DISTRIBUTION, ETC. (IMPRINT) | |
| Place of publication, distribution, etc | Leiden ; |
| -- | Boston : |
| Name of publisher, distributor, etc | Brill, |
| Date of publication, distribution, etc | 2007. |
| 300 ## - PHYSICAL DESCRIPTION | |
| Extent | x, 230 p. |
| 490 1# - SERIES STATEMENT | |
| Series statement | Mnemosyne bibliotheca classica Batava, |
| International Standard Serial Number | 0169-8958 ; |
| Volume number/sequential designation | v. 285 |
| 504 ## - BIBLIOGRAPHY, ETC. NOTE | |
| Bibliography, etc | Includes bibliographical references (p. [199]-208) and indexes. |
| 505 0# - FORMATTED CONTENTS NOTE | |
| Formatted contents note | Gnomai as a source of cosmological reflection -- The nature of gnomai according to modern scholarship -- Ancient thinking on gnomai -- The "true point" of gnomai -- The gnomic expression of cosmology in Pindar -- Definitions and assumptions -- The elemental forces : fate, God, nature and man -- The human condition -- Man in society -- Cosmology in action : an analysis of selected odes -- Olympian 12 : an immigrant and his adopted city -- Isthmian 4 : creating for an ill-favoured victor -- Olympian 13 : praising an ambitious family -- The poet as mediator of cosmology -- Isthmian 4 : the poet modifies a cosmological premise -- Olympian 13 : the poet demonstrates cosmological principles -- Cosmology and the poet in short odes -- Olympian 9 and Nemean 3 : the poet assumes different attitudes to a central cosmological tenet. |
| 533 ## - REPRODUCTION NOTE | |
| Type of reproduction | Electronic reproduction. |
| Place of reproduction | Palo Alto, Calif. : |
| Agency responsible for reproduction | ebrary, |
| Date of reproduction | 2013. |
| Note about reproduction | Available via World Wide Web. |
| -- | Access may be limited to ebrary affiliated libraries. |
| 600 00 - SUBJECT ADDED ENTRY--PERSONAL NAME | |
| Personal name | Pindar |
| General subdivision | Criticism and interpretation. |
| 650 #0 - SUBJECT ADDED ENTRY--TOPICAL TERM | |
| Topical term or geographic name as entry element | Cosmology, Ancient, in literature. |
| Topical term or geographic name as entry element | Praise in literature. |
| 655 #7 - INDEX TERM--GENRE/FORM | |
| Genre/form data or focus term | Electronic books. |
| Source of term | local |
| 710 2# - ADDED ENTRY--CORPORATE NAME | |
| Corporate name or jurisdiction name as entry element | ebrary, Inc. |
| 830 #0 - SERIES ADDED ENTRY--UNIFORM TITLE | |
| Uniform title | Mnemosyne, bibliotheca classica Batava. |
| Name of part/section of a work | Supplementum ; |
| Volume number/sequential designation | 285. |
| 856 40 - ELECTRONIC LOCATION AND ACCESS | |
| Uniform Resource Identifier | <a href="http://site.ebrary.com/lib/rucke/Doc?id=10270864">http://site.ebrary.com/lib/rucke/Doc?id=10270864</a> |
| Public note | An electronic book accessible through the World Wide Web; click to view |
No items available.
